<?xml version="1.0" encoding="UTF-8"?>
<record
    xmlns:xsi="http://www.w3.org/2001/XMLSchema-instance"
    xsi:schemaLocation="http://www.loc.gov/MARC21/slim http://www.loc.gov/standards/marcxml/schema/MARC21slim.xsd"
    xmlns="http://www.loc.gov/MARC21/slim">

  <leader>01374nam a2200241 i 4500</leader>
  <controlfield tag="001">125524</controlfield>
  <controlfield tag="003">ES-MaACL</controlfield>
  <controlfield tag="005">20231227160946.0</controlfield>
  <controlfield tag="007">t|</controlfield>
  <controlfield tag="008">070615s1962    sp f         |||| | spa d</controlfield>
  <datafield tag="080" ind1=" " ind2=" ">
    <subfield code="a">821.134.2-23"19"</subfield>
  </datafield>
  <datafield tag="100" ind1="1" ind2=" ">
    <subfield code="a">Benavente, Jacinto,</subfield>
    <subfield code="d">1866-1954</subfield>
    <subfield code="9">27443</subfield>
  </datafield>
  <datafield tag="245" ind1="1" ind2="0">
    <subfield code="a">Obras completas. </subfield>
    <subfield code="n">IV / </subfield>
    <subfield code="c">Jacinto Benavente.</subfield>
  </datafield>
  <datafield tag="246" ind1="3" ind2="4">
    <subfield code="a">El mal que nos hacen y 24 comedias m&#xE1;s</subfield>
  </datafield>
  <datafield tag="250" ind1=" " ind2=" ">
    <subfield code="a">5&#xAA; ed.</subfield>
  </datafield>
  <datafield tag="260" ind1=" " ind2=" ">
    <subfield code="a">Madrid : </subfield>
    <subfield code="b">Aguilar, </subfield>
    <subfield code="c">1962.</subfield>
  </datafield>
  <datafield tag="300" ind1=" " ind2=" ">
    <subfield code="a">1 v. (1184 p.) : </subfield>
    <subfield code="b">1 retr. ; </subfield>
    <subfield code="c">13 cm.</subfield>
  </datafield>
  <datafield tag="505" ind1="8" ind2=" ">
    <subfield code="a">Contiene:  IV.  El mal que nos hacen ; Los cachorros ; El rey Lear ; Caridad ; Mefist&#xF3;fela ; La Inmaculada de los Dolores ; La ley de los hijos ; Por ser con todos leal, ser para todos traidor ; La vestal de Occidente ; La honra de los hombres ; La Cenicienta ; Y va de cuento ; Una se&#xF1;ora ; Una pobre mujer ; M&#xE1;s all&#xE1; de la muerte ; Por qu&#xE9; se quit&#xF3; Juan de la bebida ; Lecciones de buen amor ; Un par de botas ; Alfilerazos ; La otra honra ; La virtud sospechosa ; Nadie sabe lo que quiere, o El bailar&#xED;n y el trabajador ; &#xA1;Si creer&#xE1;s t&#xFA; que es por mi gusto ! ; Los nuevos yernos ; El suicidio de Lucerito.</subfield>
  </datafield>
  <datafield tag="586" ind1=" " ind2=" ">
    <subfield code="a">Premio Nobel de Literatura 1922</subfield>
  </datafield>
  <datafield tag="599" ind1=" " ind2=" ">
    <subfield code="a">Retr.: Fot. de Rosario Pino, actriz.</subfield>
  </datafield>
  <datafield tag="852" ind1=" " ind2=" ">
    <subfield code="a">ES-MaACL</subfield>
    <subfield code="j">E-11697   </subfield>
    <subfield code="z">- Biblioteca Jacinto Mart&#xED;nez Lacalle</subfield>
  </datafield>
  <datafield tag="999" ind1=" " ind2=" ">
    <subfield code="c">125524</subfield>
    <subfield code="d">125524</subfield>
  </datafield>
  <datafield tag="952" ind1=" " ind2=" ">
    <subfield code="0">0</subfield>
    <subfield code="1">0</subfield>
    <subfield code="4">0</subfield>
    <subfield code="7">0</subfield>
    <subfield code="a">ATENEOM</subfield>
    <subfield code="b">ATENEOM</subfield>
    <subfield code="c">DEPO2</subfield>
    <subfield code="d">2008-01-17</subfield>
    <subfield code="e">SC</subfield>
    <subfield code="l">0</subfield>
    <subfield code="o">E-11697</subfield>
    <subfield code="p">1130763</subfield>
    <subfield code="r">2023-02-23 00:00:00</subfield>
    <subfield code="w">2023-02-23</subfield>
    <subfield code="y">MONOGRAFIA</subfield>
  </datafield>
</record>
